Acquiring management skills: How the manager can help himself (Record no. 32832)

MARC details
000 -LEADER
fixed length control field 00296nam a2200109Ia 4500
082 ## - DEWEY DECIMAL CLASSIFICATION NUMBER
Classification number 658.3
Item number DEV
100 ## - MAIN ENTRY--AUTHOR NAME
Personal name Deverell, C S
245 #0 - TITLE STATEMENT
Title Acquiring management skills: How the manager can help himself
260 ## - PUBLICATION, DISTRIBUTION, ETC. (IMPRINT)
Place of publication London
Name of publisher Gee
Year of publication 1973
942 ## - ADDED ENTRY ELEMENTS (KOHA)
Koha item type Books
Holdings
Withdrawn status Lost status Damaged status Not for loan Home library Current library Date acquired Cost, normal purchase price Full call number Accession Number Koha item type
        RRII Library RRII Library 16/12/2021 4.20 658.3 DEV 13334 Books